تحميل...

Travancore archaeological series /

التفاصيل البيبلوغرافية
المؤلف الرئيسي: Gopinatha Rao, T. A.
التنسيق: Printed Book
اللغة:English
منشور في: Thiruvananthapuram : Cultural Publications Department, 1908. (1988)
الطبعة:1st ed.
الموضوعات:
LEADER 00817nam a22001697a 4500
008 141126b xxu||||| |||| 00| 0 eng d
082 |a 930.1095483 GOP 
100 |a Gopinatha Rao, T. A. 
245 |a Travancore archaeological series /  |c T. A. Gopinatha Rao 
250 |a 1st ed.  |b Reprint. 
260 |a Thiruvananthapuram :  |c 1908. (1988)  |b Cultural Publications Department, 
300 |a 431p. 
650 |a Archaeology 
942 |2 ddc  |c BK 
999 |c 8434  |d 8434 
952 |0 0  |1 0  |2 ddc  |4 0  |6 R_930_109548300000000_GOP  |7 0  |9 12113  |a MAIN  |b MAIN  |d 2014-11-26  |e Kerala Bhasha Institute, TVM  |h Vol. 1  |o R 930.1095483 GOP  |p 12181  |r 2016-11-19  |t 1  |w 2014-11-26  |y REF 
952 |0 0  |1 0  |2 ddc  |4 0  |6 R_930_109548300000000_GOP  |7 0  |9 24031  |a MAIN  |b MAIN  |d 2016-11-19  |e Kerala Bhasha Institute  |g 170.00  |h Vol. 1 & 2  |o R 930.1095483 GOP  |p 12182  |r 2017-03-25  |w 2017-03-25  |y REF